Normal view
MARC view
- Nawshad, Muhammad Aasharib
Entry Personal Name
001 - CONTROL NUMBER
- control field: 106514
003 - CONTROL NUMBER IDENTIFIER
- control field: NUST
005 - DATE AND TIME OF LATEST TRANSACTION
- control field: 20221230162856.0
008 - FIXED-LENGTH DATA ELEMENTS
- fixed length control field: 221230|| aca||aabn | a|a d
040 ## - CATALOGING SOURCE
- Original cataloging agency: NUST
- Transcribing agency: NUST
100 ## - HEADING--PERSONAL NAME
- Personal name: Nawshad, Muhammad Aasharib
670 ## - SOURCE DATA FOUND
- Source citation: Work cat.: (NUST): Nawshad, Muhammad Aasharib, Boosting Facial Recognition Capability for Faces Wearing Masks using Attention Augmented Residual Model with Quadruplet loss /
